000 00592nam a22002417a 4500
003 UA-OsUOA
001 94608
007 ta
008 20130214b un ||||| |||| 00| 0 ukr d
100 _aДоде А.
090 _a821.133.1
_bД60
942 _cBK
040 _aUA-OsUOA
_brus
_cUA-OsUOA
_dUA-OsUOA
245 _aНабоб
300 _a418 с.
_bІлюстрації
955 _a3
041 _arus
080 _a821.133.1
260 _aМ.
_bГИХЛ
_c1953
044 _aRU
650 7 _a82 Література. Літературознавство
_2UDC
999 _c380855
_d380855